00230nam a2200097 a 4500001000500000005001700005008004100022050002000063100001800083245003100101414020140414131852.0090218s19uu xx 00 eng d aM 611bB47 1993 aBhanot, T. R. aMy big book of human body.